[Event "FRA-ch U20"]
[Site "Montlucon"]
[Date "2011.04.18"]
[Round "2"]
[White "Ardellier, Maxime"]
[Black "Bouget, Alexandre"]
[Result "0-1"]
[WhiteElo "1852"]
[BlackElo "2189"]
[PlyCount "148"]
[EventDate "2011.04.17"]
[EventType "swiss"]
[EventRounds "9"]
[EventCountry "FRA"]
[SourceTitle "CBM 142 Extra"]
[Source "ChessBase"]
[SourceDate "2011.06.27"]
[SourceVersion "1"]
[SourceVersionDate "2011.06.27"]
[SourceQuality "1"]

1. e4 e5 2. Nf3 Nc6 3. Bb5 a6 4. Ba4 Nf6 5. 0-0 Be7 6. Re1 b5 7. Bb3 d6 8. c3 0-0 9. h3 Be6 10. d4 Bxb3 11. Qxb3 d5 12. exd5 Na5 13. Qc2 exd4 14. cxd4 Nxd5 15. Bd2 Nc4 16. b3 Ncb6 17. Nc3 Nxc3 18. Bxc3 Nd5 19. Bb2 Bd6 20. Ne5 Re8 21. Qf5 Qf6 22. Qxf6 Nxf6 23. Rac1 Nd5 24. Nd3 f6 25. Rxe8+ Rxe8 26. Re1 Rxe1+ 27. Nxe1 Nf4 28. Kf1 Kf7 29. Bc1 Nd5 30. Bd2 Ke6 31. Ke2 Ne7 32. Kd3 Kd5 33. Nc2 Kc6 34. Ne3 g6 35. g4 Nd5 36. Nxd5 Kxd5 37. f3 Be7 38. Be3 Bb4 39. Bf2 f5 40. gxf5 gxf5 41. Be3 Be1 42. Bc1 Bf2 43. Bb2 a5 44. a4 b4 45. Ba1 Bh4 46. Bb2 Bf6 47. Bc1 Bxd4 48. Bf4 Be5 49. Bxe5 Kxe5 50. Kc4 c6 51. Kc5 Kf4 52. Kb6 Kxf3 53. Kxa5 Kg3 54. Kxb4 f4 55. a5 f3 56. a6 f2 57. a7 f1Q 58. a8Q Qb5+ 59. Kc3 Kxh3 60. Qe8 Qc5+ 61. Kd3 Qd5+ 62. Kc3 h5 63. Qc8+ Kg2 64. Qh8 Qf3+ 65. Kc4 Qe4+ 66. Kc5 h4 67. Qb2+ Kg3 68. Qg7+ Kf3 69. Qf6+ Kg2 70. Qb2+ Kg1 71. Qc1+ Kh2 72. Qd2+ Qg2 73. Qd6+ Kh1 74. b4 Qe4 0-1